¿Por qué me excomulgaron? : ¿cisma ó fe? /
Al parecer, el autor fue censurado por oponerse a algunas reformas de la iglesia que se plantearon en el Concilio Vaticano II. En este libro, Sáenz y Arriaga hace el planteamiento de sus creencias y de cómo éstas diferían de las nuevas políticas religiosas.
Spremljeno u:
| Glavni autor: | |
|---|---|
| Format: | Knjiga |
| Jezik: | španjolski |
| Teme: | |
| Oznake: |
Bez oznaka, Budi prvi tko označuje ovaj zapis!
|
MARC
| LEADER | 00000nam^a2200000^a^4500 | ||
|---|---|---|---|
| 001 | 000122125 | ||
| 005 | 20250521000000.0 | ||
| 009 | 20260310094452.357 | ||
| 037 | |a Acervo ITESO - Biblioteca | ||
| 041 | |a ESP | ||
| 082 | |a 273. |b SAE | ||
| 100 | |a Sáenz y Arriaga, Joaquín |e (autor) | ||
| 245 | 1 | 1 | |a ¿Por qué me excomulgaron? : |b ¿cisma ó fe? / |c J. Sáenz y Arriaga. |
| 264 | |a México? : |b edición de autor, |c 1972 | ||
| 300 | |a 234 p. | ||
| 336 | |a texto |b txt |2 rdacontenido | ||
| 337 | |a sin mediación |b n |2 rdamedio | ||
| 338 | |a volumen |b nc |2 rdasoporte | ||
| 520 | |a Al parecer, el autor fue censurado por oponerse a algunas reformas de la iglesia que se plantearon en el Concilio Vaticano II. En este libro, Sáenz y Arriaga hace el planteamiento de sus creencias y de cómo éstas diferían de las nuevas políticas religiosas. | ||
| 649 | |a XX | ||
| 650 | |a Teología Doctrinal | ||
| 650 | |a Concilio Vaticano, 1962-1965 | ||
| 650 | |a Concilios y Sínodos | ||
| 650 | |a Vida Monástica y Religiosa | ||
| 650 | |a Política y Religión | ||
| 910 | |a Fondo Salvador Reynoso Reynoso | ||
| 920 | |a Impresos - Libros | ||
| 930 | |a Fondos Especiales | ||
| 905 | |a 112 | ||
| 901 | |a 0800006923 |b IT2 |c ESP |u 20250521 | ||
| 902 | |a https://opac.biblio.iteso.mx/vufind/Record/000122125 | ||